000 00653nam a22002177a 4500
003 UA-OsUOA
001 82189
007 ta
008 20120224b un ||||| |||| 00| 0 ukr d
100 _aКадочников Д.
090 _a330
_bК13
942 _cSA
040 _aUA-OsUOA
_brus
_cUA-OsUOA
_dUA-OsUOA
245 _aМеждународная координация финансово-экономической политики: научное наследие Густава Касселя
300 _aС.51-65
955 _a0
041 _arus
080 _a330
773 0 _w82187
650 7 _a330 Економіка взагалі
_2UDC
999 _c368487
_d368487